Antioxidanty čokolády, kávy, čaju a vína bakalárska práca CD

Guardado en:
Detalles Bibliográficos
Autor principal: Zelnerová, Silvia
Formato: Software Libro
Lenguaje:eslovaco
Publicado: Bratislava STU FCHPT 2013
Acceso en línea:Ver en el OPAC
Etiquetas: Agregar Etiqueta
Sin Etiquetas, Sea el primero en etiquetar este registro!

MARC

LEADER 00000nam a2200000 a 4500
005 20260127134031.0
007 co ugu
008 130927 2013 000 0 slo d
035 |a vtls010546836 
039 9 |y 201309271311  |z mschk03 
040 |a STUSCHK1  |b slo  |c STUSCHK1  |e AACR2 
100 1 |a Zelnerová, Silvia 
245 1 |a Antioxidanty čokolády, kávy, čaju a vína  |b bakalárska práca CD  |c Silvia Zelnerová 
260 |a Bratislava  |b STU FCHPT  |c 2013 
300 |a 1 optický disk 
500 |a Obhájené: 10.07.2013 
500 |a Štud. program: Potravinárstvo 
500 |a Štud. odbor: Potravinárstvo 
500 |a Škol. pracovisko: Odd. potravinárskej technológie 
500 |a Evid. číslo: FCHPT-5454-68721 
910 |a SCHK95 
999 |c 2525  |d 2525